| 000 | 01288nam0a2200337 4500 | ||
|---|---|---|---|
| 001 | RU\NLR\bibl\1694328 | ||
| 005 | 20260406075600.0 | ||
| 010 |
_a978-5-7755-2176-9 _9400 |
||
| 021 |
_aRU _b2010-75652 _95030 |
||
| 035 | _a(NLR Aleph) 001685432 | ||
| 090 |
_a1127639 _c1127639 |
||
| 100 | _a20101103d2011 |||y0rusy50 ca | ||
| 101 | 0 | _arus | |
| 102 | _aRU | ||
| 105 | _ay ||||||||| | ||
| 200 | 1 |
_aЭкономика для младших школьников _e3 класс _eпособие для учителя _fИ.А. Сасова, М.М. Фирсова |
|
| 205 | _a3-е изд. | ||
| 210 |
_aМосква _cВита-Пресс _d2011 [т.е. 2010] |
||
| 215 |
_a110,[1] с. _d21 |
||
| 300 | _aКн. фактически изд. в 2010 г. | ||
| 320 | _aБиблиогр.: с. 108-109 | ||
| 606 | 1 |
_aЭкономика _xПреподавание _xНачальная школа _92179269 _3RU\NLR\auth\661310614 |
|
| 686 | _aЧ426.96-2,01 | ||
| 700 | 1 |
_4070 _7ca _8rus _aСасова _bИ. А. _f1934- _gИрина Абрамовна _922027 _3RU\NLR\auth\7739043 |
|
| 701 | 1 |
_aФирсова _bМ. М. _gМарина Михайловна _4070 |
|
| 801 | 0 |
_aRU _bNLR _c20101103 _gRCR |
|
| 801 | 1 |
_aRU _bNLR _c20101103 |
|
| 942 | _cBOOK | ||
| 980 | _aNB | ||